Основы предпроектного анализа организационных систем: учебное пособие

Bibliografiske detaljer
Hovedforfatter: Юдицкий С. А. Семен Абрамович
Andre forfattere: Владиславлев П.Н. Павел Николаевич
Summary:Описывается комплекс подготовительных работ, предшествующих проектированию: определяются цели, поставленные перед системой, а также способы (сценарии) достижения целей и планирование реализации проекта. Рассматриваются последовательные этапы предпроектного анализа организационных систем: целеполагание, факторное, операционное и потоковое моделирование. Для студентов и аспирантов вузов, обучающихся по специальности «Прикладная информатика (по областям)», а также для разработчиков сложных проектов, преподавателей, научных работников и других специалистов, интересующихся проблематикой системного моделирования.
Sprog:russisk
Udgivet: Москва, Финансы и статистика, 2005
Fag:
Format: MixedMaterials Bog
KOHA link:https://koha.lib.tpu.ru/cgi-bin/koha/opac-detail.pl?biblionumber=81819

MARC

LEADER 00000nam0a2200000 4500
001 81819
005 20231031095342.0
010 |z 5-279-02930-0 (error)  |b 2000 экз. 
021 |a RU  |b 05-35454  |9 05-1767 
035 |a (RuTPU)RU\TPU\book\87931 
090 |a 81819 
100 |a 20050923d2005 m u0rusy5002 ca 
101 0 |a rus 
102 |a RU 
105 |a a j 001zy 
200 1 |a Основы предпроектного анализа организационных систем  |e учебное пособие   |f С. А. Юдицкий, П. Н. Владиславлев 
210 |a Москва  |c Финансы и статистика  |d 2005 
215 |a 142, [1] с.  |c ил.  |d 21 см. 
320 |a Библиогр.: с. 142-143 
330 |a Описывается комплекс подготовительных работ, предшествующих проектированию: определяются цели, поставленные перед системой, а также способы (сценарии) достижения целей и планирование реализации проекта. Рассматриваются последовательные этапы предпроектного анализа организационных систем: целеполагание, факторное, операционное и потоковое моделирование. Для студентов и аспирантов вузов, обучающихся по специальности «Прикладная информатика (по областям)», а также для разработчиков сложных проектов, преподавателей, научных работников и других специалистов, интересующихся проблематикой системного моделирования. 
610 1 |a организационные системы 
610 1 |a предпроектный анализ 
610 1 |a факторное моделирование 
610 1 |a операционное моделирование 
610 1 |a сети Петри 
610 1 |a потоковое моделирование 
610 1 |a учебные пособия 
675 |a 681.324.01(075.8)  |v 3  |z rus 
700 1 |a Юдицкий  |b С. А.  |g Семен Абрамович 
701 1 |a Владиславлев  |b П.Н.  |g Павел Николаевич 
801 0 |a RU  |b RKP  |c 20050707  |g PSBO 
801 1 |a RU  |b 63413507  |c 20050923  |g PSBO 
801 2 |a RU  |b 63413507  |c 20051124  |g PSBO 
900 |a Прикладная математика 
900 |a Информатика 
900 |a Организация ЭВМ и систем 
942 |c BK 
951 |a 510200  |b 220000